<?xml version="1.0" encoding="UTF-8"?>
<record
    xmlns:xsi="http://www.w3.org/2001/XMLSchema-instance"
    xsi:schemaLocation="http://www.loc.gov/MARC21/slim http://www.loc.gov/standards/marcxml/schema/MARC21slim.xsd"
    xmlns="http://www.loc.gov/MARC21/slim">

  <leader>00217nam a22000857a 4500</leader>
  <datafield tag="999" ind1=" " ind2=" ">
    <subfield code="c">516416</subfield>
    <subfield code="d">516416</subfield>
  </datafield>
  <datafield tag="100" ind1=" " ind2=" ">
    <subfield code="a">Sri Aurobindo</subfield>
    <subfield code="9">22911</subfield>
  </datafield>
  <datafield tag="245" ind1=" " ind2=" ">
    <subfield code="a">Isha upanishad</subfield>
    <subfield code="c">by Sri Aurobindo</subfield>
  </datafield>
  <datafield tag="260" ind1=" " ind2=" ">
    <subfield code="a">Pondicherry</subfield>
    <subfield code="b">Aurobindo Ashram</subfield>
    <subfield code="c">1965</subfield>
  </datafield>
  <datafield tag="300" ind1=" " ind2=" ">
    <subfield code="a">103p.</subfield>
  </datafield>
  <datafield tag="952" ind1=" " ind2=" ">
    <subfield code="0">0</subfield>
    <subfield code="1">0</subfield>
    <subfield code="2">ddc</subfield>
    <subfield code="4">0</subfield>
    <subfield code="6">TNC_AB41_AU68</subfield>
    <subfield code="7">0</subfield>
    <subfield code="a">IIPA</subfield>
    <subfield code="b">IIPA</subfield>
    <subfield code="d">2021-02-24</subfield>
    <subfield code="o">TNC AB41 Au68</subfield>
    <subfield code="p">GR23028</subfield>
    <subfield code="r">2021-02-24</subfield>
    <subfield code="w">2021-02-24</subfield>
    <subfield code="y">GR</subfield>
  </datafield>
</record>
